| 000 | 00644nam a2200229Ia 4500 | ||
|---|---|---|---|
| 003 | OSt | ||
| 005 | 20221007075714.0 | ||
| 006 | a|||||r|||| 00| 0 | ||
| 007 | ta | ||
| 008 | 221006b |||||||| |||| 00| 0 eng d | ||
| 024 | _a44,893 | ||
| 037 | _cTextual | ||
| 040 |
_aFLL _cFLL _beng |
||
| 041 |
_2eng _aeng |
||
| 082 | _aZ1,2673, Q2 | ||
| 100 |
_aRAGAVAN Srividhya _9316108 |
||
| 245 | 0 | _aPatent and trade disparities in developing countries | |
| 260 |
_aNew Delhi _bOxford Uiversity press India _c2012 |
||
| 300 |
_axxi,401p. _ccm. |
||
| 942 |
_hZ1,2673, Q2 _cTEXL _2CC |
||
| 999 |
_c1157074 _d1157074 |
||